[Event "Barcelona Sant Marti op-B 24th"]
[Site "Barcelona"]
[Date "2024.07.16"]
[Round "4"]
[White "Blanch Ripoll, Xavier"]
[Black "Anglada Bigorda, Climent"]
[Result "0-1"]
[WhiteElo "1662"]
[BlackElo "1895"]
[PlyCount "36"]
[EventDate "2024.07.13"]
[EventType "swiss"]
[EventRounds "9"]
[EventCountry "ESP"]
[SourceTitle "EXT 2025"]
[Source "ChessBase"]
[SourceDate "2024.10.14"]
[SourceVersion "1"]
[SourceVersionDate "2024.10.14"]
[SourceQuality "1"]

1. d4 c5 2. Nf3 cxd4 3. Nxd4 e5 4. Nf3 e4 5. Nd4 d5 6. Bf4 Bd6 7. Bg3 Nf6 8. e3 0-0 9. Nc3 Nc6 10. Qd2 Bg4 11. Be2 Bb4 12. a3 Ba5 13. Bxg4 Nxg4 14. h3 Nge5 15. Nxc6 Nxc6 16. 0-0-0 Qf6 17. b4 Nxb4 18. Nxd5 Qa1# 0-1

[Event "Terrassa Barad op"]
[Site "Terrassa"]
[Date "2024.04.19"]
[Round "2"]
[White "Anglada Bigorda, Climent"]
[Black "Bigorra Roma, Pol"]
[Result "1-0"]
[WhiteElo "1859"]
[BlackElo "1726"]
[PlyCount "51"]
[EventDate "2024.04.12"]
[EventType "swiss"]
[EventRounds "8"]
[EventCountry "ESP"]
[SourceTitle "EXT 2025"]
[Source "ChessBase"]
[SourceDate "2024.10.14"]
[SourceVersion "1"]
[SourceVersionDate "2024.10.14"]
[SourceQuality "1"]

1. g4 d5 2. g5 e5 3. d4 exd4 4. Nf3 c5 5. c3 dxc3 6. Nxc3 Ne7 7. Bg2 Nbc6 8. Bf4 d4 9. Ne4 Ng6 10. Bg3 Bf5 11. Nfd2 Nce5 12. h4 Nd7 13. Nc4 Bxe4 14. Bxe4 Nb6 15. Bxb7 Nxc4 16. Qa4+ Ke7 17. Qxc4 Qa5+ 18. b4 cxb4 19. Bxa8 Ne5 20. Bxe5 b3+ 21. Kf1 Qxe5 22. axb3 d3 23. Rxa7+ Kd8 24. Qd5+ Qxd5 25. Bxd5 d2 26. Kg2 1-0

[Event "Barcelona Rubinenca op 2nd"]
[Site "Barcelona"]
[Date "2023.11.24"]
[Round "9"]
[White "Noya Guia, Alvaro"]
[Black "Anglada Bigorda, Climent"]
[Result "1-0"]
[WhiteElo "1737"]
[BlackElo "1829"]
[PlyCount "41"]
[EventDate "2023.09.22"]
[EventType "swiss"]
[EventRounds "9"]
[EventCountry "ESP"]
[SourceTitle "EXT 2025"]
[Source "ChessBase"]
[SourceDate "2024.10.14"]
[SourceVersion "1"]
[SourceVersionDate "2024.10.14"]
[SourceQuality "1"]

1. e4 d5 2. exd5 Qxd5 3. Nc3 Qa5 4. d4 Nc6 5. Nf3 Bg4 6. Bb5 0-0-0 7. Bxc6 bxc6 8. h3 e5 9. hxg4 exd4 10. Rh5 c5 11. Nxd4 Nf6 12. Re5 Qa6 13. Qe2 Qb7 14. Nf5 g6 15. Ne7+ Bxe7 16. Rxe7 Rhe8 17. Rxe8 Rxe8 18. Be3 Qxg2 19. Qa6+ Kb8 20. 0-0-0 Qb7 21. Qxf6 1-0

[Event "Barcelona Rubinenca op 2nd"]
[Site "Barcelona"]
[Date "2023.10.20"]
[Round "4"]
[White "Anglada Bigorda, Climent"]
[Black "Martinez Ferrer, Rafael"]
[Result "0-1"]
[WhiteElo "1829"]
[BlackElo "1687"]
[PlyCount "64"]
[EventDate "2023.09.22"]
[EventType "swiss"]
[EventRounds "9"]
[EventCountry "ESP"]
[SourceTitle "EXT 2025"]
[Source "ChessBase"]
[SourceDate "2024.10.14"]
[SourceVersion "1"]
[SourceVersionDate "2024.10.14"]
[SourceQuality "1"]

1. g4 e5 2. Bg2 d5 3. g5 Nc6 4. h4 Be6 5. c3 Qd7 6. b4 h6 7. d3 hxg5 8. hxg5 Rxh1 9. Bxh1 f6 10. a4 0-0-0 11. Nd2 Qf7 12. e3 Qg6 13. Qe2 Qxg5 14. Ngf3 Qh6 15. Qf1 g5 16. Qg2 Qh7 17. e4 dxe4 18. dxe4 Nge7 19. a5 Ng6 20. b5 Nf4 21. Qh2 Qxh2 22. Nxh2 Nd3+ 23. Ke2 Ne7 24. Bf3 Ng6 25. Ng4 Ngf4+ 26. Kf1 Nxc1 27. Rxc1 Rxd2 28. Nxf6 Bc5 29. Ng4 Bc4+ 30. Ke1 Rb2 31. Nxe5 Bxf2+ 32. Kd1 Bb3+ 0-1

[Event "Barcelona Rubinenca op 2nd"]
[Site "Barcelona"]
[Date "2023.09.29"]
[Round "2"]
[White "Anglada Bigorda, Climent"]
[Black "Garcia Garcia, Gabriel Javier"]
[Result "0-1"]
[WhiteElo "1829"]
[BlackElo "1572"]
[PlyCount "82"]
[EventDate "2023.09.22"]
[EventType "swiss"]
[EventRounds "9"]
[EventCountry "ESP"]
[SourceTitle "EXT 2025"]
[Source "ChessBase"]
[SourceDate "2024.10.14"]
[SourceVersion "1"]
[SourceVersionDate "2024.10.14"]
[SourceQuality "1"]

1. e4 c5 2. d4 cxd4 3. Nf3 Nc6 4. c3 dxc3 5. Nxc3 d6 6. Bc4 e6 7. 0-0 Nf6 8. Qe2 a6 9. Rd1 Qc7 10. Bb3 Be7 11. Bg5 0-0 12. Rac1 Qb8 13. Na4 b5 14. Rxc6 bxa4 15. Bc2 Bb7 16. e5 dxe5 17. Nxe5 Bxc6 18. Nxc6 Qc7 19. Nxe7+ Qxe7 20. Qd3 Rfd8 21. Bxf6 Qxf6 22. Qxh7+ Kf8 23. Qe4 Rxd1+ 24. Bxd1 Rd8 25. Qxa4 Qd4 26. Qa3+ Qd6 27. Qxd6+ Rxd6 28. Be2 a5 29. Kf1 Rd2 30. a4 Rxb2 31. Ke1 Rb1+ 32. Kd2 Ke7 33. h3 Kd6 34. Kc2 Ra1 35. Kb3 Kc5 36. Bd3 Kd4 37. Bb5 Rg1 38. Bc6 Rf1 39. f3 Rf2 40. g3 Rg2 41. g4 Rh2 0-1

[Event "Sabadell Otero Memorial"]
[Site "Sabadell"]
[Date "2023.06.02"]
[Round "8"]
[White "Najar Arrieta, Oriol"]
[Black "Anglada Bigorda, Climent"]
[Result "1-0"]
[WhiteElo "1837"]
[BlackElo "1854"]
[PlyCount "53"]
[EventDate "2023.04.14"]
[EventType "swiss"]
[EventRounds "8"]
[EventCountry "ESP"]
[SourceTitle "EXT 2024"]
[Source "ChessBase"]
[SourceDate "2023.10.10"]
[SourceVersion "1"]
[SourceVersionDate "2023.10.10"]
[SourceQuality "1"]

1. e4 g5 2. d4 g4 3. Nc3 d6 4. h3 h5 5. Be2 Nf6 6. hxg4 Bxg4 7. f3 Be6 8. g4 c6 9. g5 Ng8 10. f4 Qc7 11. f5 Bd7 12. Bf4 Na6 13. Rxh5 Bg7 14. Qd2 0-0-0 15. 0-0-0 Qa5 16. Rxh8 Bxh8 17. Kb1 d5 18. f6 exf6 19. Nb5 Qxb5 20. Bxb5 cxb5 21. exd5 Bf5 22. Qc3+ Kd7 23. Qb3 Rc8 24. Qxb5+ Kd8 25. Re1 Bxc2+ 26. Ka1 Nc7 27. Qc5 1-0

[Event "Sabadell Otero Memorial"]
[Site "Sabadell"]
[Date "2023.05.12"]
[Round "5"]
[White "Anglada Bigorda, Climent"]
[Black "Obon Temprano, Sergi"]
[Result "1/2-1/2"]
[WhiteElo "1854"]
[BlackElo "2192"]
[PlyCount "79"]
[EventDate "2023.04.14"]
[EventType "swiss"]
[EventRounds "8"]
[EventCountry "ESP"]
[SourceTitle "EXT 2024"]
[Source "ChessBase"]
[SourceDate "2023.10.10"]
[SourceVersion "1"]
[SourceVersionDate "2023.10.10"]
[SourceQuality "1"]

1. g4 d5 2. g5 e5 3. h4 Nc6 4. Bg2 h6 5. c4 dxc4 6. Bxc6+ bxc6 7. Qa4 hxg5 8. Qxc6+ Bd7 9. Qe4 Bd6 10. hxg5 Rxh1 11. Qxh1 Rb8 12. Qh5 Bf5 13. Nc3 Qd7 14. Nf3 Bg4 15. Qh7 Kf8 16. Nh4 Be7 17. f3 Be6 18. Ne4 Qd4 19. e3 Qd8 20. b3 Bxg5 21. Nxg5 Qxg5 22. Ba3+ Ke8 23. Qxg8+ Kd7 24. Qxb8 Qxh4+ 25. Ke2 Qh2+ 26. Ke1 Qg1+ 27. Ke2 Qg2+ 28. Ke1 Qg1+ 29. Ke2 Qxa1 30. Qb5+ Kd8 31. Qb8+ Bc8 32. Qb4 Ba6 33. Qf8+ Kd7 34. Qxf7+ Kc8 35. Qf8+ Kb7 36. Qb4+ Kc8 37. Qf8+ Kb7 38. Qb4+ Kc8 39. Qf8+ Kb7 40. Qb4+ 1/2-1/2

[Event "Sabadell Otero Memorial"]
[Site "Sabadell"]
[Date "2023.05.05"]
[Round "4"]
[White "Martinez Ferrer, Rafael"]
[Black "Anglada Bigorda, Climent"]
[Result "0-1"]
[WhiteElo "1678"]
[BlackElo "1854"]
[PlyCount "77"]
[EventDate "2023.04.14"]
[EventType "swiss"]
[EventRounds "8"]
[EventCountry "ESP"]
[SourceTitle "EXT 2024"]
[Source "ChessBase"]
[SourceDate "2023.10.10"]
[SourceVersion "1"]
[SourceVersionDate "2023.10.10"]
[SourceQuality "1"]

1. e4 g5 2. Nc3 h5 3. d4 g4 4. Bf4 Bg7 5. Qd2 c5 6. dxc5 Na6 7. Bc4 Qa5 8. Nge2 Nxc5 9. 0-0 d6 10. a3 Ne6 11. Be3 Nf6 12. b4 Qc7 13. Bb3 Bd7 14. Rad1 Rc8 15. Nd5 Nxd5 16. exd5 Nf8 17. Rfe1 Ng6 18. Nd4 h4 19. Qe2 Ne5 20. Nb5 Bxb5 21. Qxb5+ Nd7 22. Qe2 Bc3 23. Bb6 Nxb6 24. Qxg4 Bxe1 25. Rxe1 Qc3 26. Rd1 Rc7 27. a4 Nd7 28. a5 Ne5 29. Qe4 h3 30. f4 hxg2 31. fxe5 Qh3 32. Qxg2 Qe3+ 33. Kh1 Qxe5 34. Ba4+ Kf8 35. Rf1 Rc3 36. Bd7 Rg3 37. Rxf7+ Kxf7 38. Qf2+ Kg7 39. Be6 0-1